书目信息 |
| 题名: |
中国古代的艺术与文化
|
|
| 作者: | 罗森 , Rawson 著 ;孙心菲 译 | |
| 分册: | ||
| 出版信息: | 北京 北京大学出版社 2002 |
|
| 页数: | 439页 | |
| 开本: | 21cm | |
| 丛书名: | 艺术与思想史丛书 | |
| 单 册: | ||
| 中图分类: | J120.92 | |
| 科图分类: | ||
| 主题词: | 艺术史--研究--中国--古代 , 文化史--研究--中国--古代 , 艺术史 , 文化史 | |
| 电子资源: | ||
| ISBN: | 7-301-04737-1 | |
| 000 | 01092oam2 2200313 450 | |
| 001 | 012007360433 | |
| 005 | 20070708090928.62 | |
| 010 | @a7-301-04737-1@dCNY28.00 | |
| 100 | @a20070705d2002 km y0chiy0120 ea | |
| 101 | 1 | @achi@ceng |
| 102 | @aCN@b110000 | |
| 105 | @aa z 000yy | |
| 106 | @ar | |
| 200 | 1 | @a中国古代的艺术与文化@Azhong guo gu dai de yi shu yu wen hua@f(英)罗森(Rawson,Jessica)著@F(ying)luo sen(Rawson,Jessica)zhu@g孙心菲等译@Gsun xin fei deng yi |
| 210 | @a北京@c北京大学出版社@d2002 | |
| 215 | @a439页@c图@d21cm | |
| 225 | 2 | @a艺术与思想史丛书 |
| 330 | @a本书收录了《商代中国南方地区与河南的联系》、《古代玉器的再使用》、《说龙凤》、《中国的丧葬模式思想与信仰的知识来源》等近二十篇文章。 | |
| 461 | 0 | @12001 @a艺术与思想史丛书 |
| 606 | 0 | @a艺术史@x研究@y中国@z古代 |
| 606 | 0 | @a文化史@x研究@y中国@z古代 |
| 606 | 0 | @a艺术史 |
| 606 | 0 | @a文化史 |
| 690 | @aJ120.92@v4 | |
| 701 | 1 | @c(英)@a罗森@Aluo sen@bJ.@4著 |
| 701 | 1 | @c(英)@aRawson@bJessica@4著 |
| 702 | 0 | @a孙心菲@Asun xin fei@4译 |
| 801 | 0 | @aCN@bRENTIAN@c20070708 |
| 905 | @dJ120.92@e82@s8 | |
| 中国古代的艺术与文化/(英)罗森(Rawson,Jessica)著/孙心菲等译.-北京:北京大学出版社,2002 |
| 439页:图;21cm.-(艺术与思想史丛书) |
| ISBN 7-301-04737-1:CNY28.00 |
| 本书收录了《商代中国南方地区与河南的联系》、《古代玉器的再使用》、《说龙凤》、《中国的丧葬模式思想与信仰的知识来源》等近二十篇文章。 |
| ● |
| 相关链接 |
|
|
|
|
正题名:中国古代的艺术与文化
索取号:J120.92/82
 
预约/预借
| 序号 | 登录号 | 条形码 | 馆藏地/架位号 | 状态 | 备注 |
| 1 | 0583292 | 205832928 | 第一样本阅览室/ [索取号:J120.92/82] | 在馆 | |
| 2 | 0583293 | 205832937 | 第一借阅区/ [索取号:J120.92/82] | 在馆 | |
| 3 | 0583294 | 205832946 | 第一借阅区/ [索取号:J120.92/82] | 在馆 | |
| 4 | 0583295 | 205832955 | 第一借阅区/ [索取号:J120.92/82] | 在馆 | |
| 5 | 0583296 | 205832964 | 第一借阅区/ [索取号:J120.92/82] | 在馆 | |
| 6 | 0583297 | 205832973 | 第一借阅区/ [索取号:J120.92/82] | 在馆 | |
| 7 | 0583298 | 205832982 | 第一借阅区/ [索取号:J120.92/82] | 在馆 | |
| 8 | 0583299 | 205832991 | 第一借阅区/ [索取号:J120.92/82] | 在馆 |